World economic situation and prospects.
| Format: | Book |
|---|---|
| Published: |
New York:
United Nations,
2009.
|
| Subjects: |
| LEADER | 00510cam a2200169 7i4500 | ||
|---|---|---|---|
| 001 | 0000022888 | ||
| 005 | 20090610090000.0 | ||
| 020 | 0 | 0 | |a 978-92-1-109158-8 |
| 090 | 0 | 0 | |a I 330.9 |b WOR |
| 245 | 0 | 0 | |a World economic situation and prospects. |
| 260 | 0 | 0 | |a New York: |b United Nations, |c 2009. |
| 300 | # | # | |a 160 p. |
| 650 | 0 | 0 | |a Economic conditions |
| 650 | 0 | 0 | |a International economic relations |
| 650 | 0 | 0 | |a Economic history |
| 650 | 0 | 0 | |a Economic indicators |
| 999 | |a 0000024159 |b Book |c International |e Business Information Centre | ||


